[Event "Itzehoe op"]
[Site "Itzehoe"]
[Date "2025.05.30"]
[Round "3"]
[White "Krause, Ortwin"]
[Black "Lick, Patrick"]
[Result "0-1"]
[WhiteElo "1609"]
[BlackElo "2180"]
[PlyCount "23"]
[EventDate "2025.05.29"]
[EventType "swiss"]
[EventRounds "7"]
[EventCountry "GER"]
[SourceTitle "CB23_2025"]
[SourceDate "2025.06.04"]
[SourceVersion "1"]
[SourceVersionDate "2025.06.04"]
[SourceQuality "1"]

1. e4 c5 2. Nf3 Nc6 3. d4 cxd4 4. Nxd4 Nf6 5. Nxc6 bxc6 6. Nc3 e5 7. a3 Bc5 8. Bg5 Qb6 9. Kd2 Qxb2 10. Na4 Qd4+ 11. Bd3 Nxe4+ 12. Ke1 0-1

[Event "Werther Schloss op 26th"]
[Site "Werther"]
[Date "2023.03.31"]
[Round "2"]
[White "Doering, Carsten"]
[Black "Lick, Patrick"]
[Result "1-0"]
[WhiteElo "2013"]
[BlackElo "2216"]
[PlyCount "42"]
[EventDate "2023.03.30"]
[EventType "swiss"]
[EventRounds "7"]
[EventCountry "GER"]
[SourceTitle "CBM 213 Extra"]
[Source "ChessBase"]
[SourceDate "2023.05.31"]
[SourceVersion "1"]
[SourceVersionDate "2023.05.31"]
[SourceQuality "1"]

1. d4 d5 2. c4 e5 3. dxe5 d4 4. Nf3 Nc6 5. g3 Be6 6. Nbd2 Qd7 7. Bg2 Nge7 8. 0-0 Ng6 9. Ng5 Ngxe5 10. Nxe6 fxe6 11. a3 Be7 12. b4 0-0 13. Qb3 d3 14. e3 Bf6 15. Bb2 Ng4 16. Rad1 Bxb2 17. Qxb2 Rad8 18. h3 Nf6 19. g4 Qe7 20. b5 Na5 21. Qb4 Ra8 1-0

[Event "Hannover Bezirks-ch A"]
[Site "Lehrte"]
[Date "2019.10.04"]
[Round "3.1"]
[White "Abel, Dennes"]
[Black "Lick, Patrick"]
[Result "1-0"]
[WhiteElo "2440"]
[BlackElo "2199"]
[PlyCount "63"]
[EventDate "2019.10.03"]
[EventType "swiss"]
[EventRounds "7"]
[EventCountry "GER"]
[SourceTitle "EXT 2023"]
[Source "ChessBase"]
[SourceDate "2022.10.05"]
[SourceVersion "1"]
[SourceVersionDate "2022.10.05"]
[SourceQuality "1"]

1. d4 d6 2. Nf3 Nf6 3. c4 g6 4. Nc3 Bf5 5. h3 Bg7 6. g4 Bd7 7. e4 e5 8. d5 Na6 9. Be3 c6 10. Nd2 Rc8 11. Be2 h5 12. g5 Nh7 13. Nf3 f5 14. gxf6 Bxf6 15. dxc6 Bxc6 16. Rg1 Rg8 17. Qc2 Qd7 18. h4 Qe7 19. 0-0-0 b6 20. Nd5 Bxd5 21. exd5 Kf7 22. Nd2 Bxh4 23. Bxh5 Nf8 24. Bg4 Rc7 25. Ne4 Nc5 26. Bxc5 bxc5 27. Be6+ Nxe6 28. dxe6+ Qxe6 29. Rxd6 Qh3 30. Qd1 Be7 31. Qd5+ Kf8 32. Rd8+ 1-0

[Event "Hannover Bezirks-ch A"]
[Site "Lehrte"]
[Date "2019.10.03"]
[Round "2.4"]
[White "Lick, Patrick"]
[Black "Hartogh, Christian"]
[Result "1-0"]
[WhiteElo "2199"]
[BlackElo "2083"]
[PlyCount "83"]
[EventDate "2019.10.03"]
[EventType "swiss"]
[EventRounds "7"]
[EventCountry "GER"]
[SourceTitle "EXT 2023"]
[Source "ChessBase"]
[SourceDate "2022.10.05"]
[SourceVersion "1"]
[SourceVersionDate "2022.10.05"]
[SourceQuality "1"]

1. e4 c5 2. Nf3 d6 3. d4 cxd4 4. Nxd4 Nf6 5. Nc3 a6 6. Bg5 e6 7. f4 Be7 8. Qf3 Qc7 9. 0-0-0 Nbd7 10. g4 b5 11. Bxf6 Nxf6 12. g5 Nd7 13. f5 0-0 14. h4 b4 15. Nce2 e5 16. Nb3 f6 17. gxf6 Nxf6 18. Ng3 a5 19. Nd2 Ba6 20. Bxa6 Rxa6 21. Qb3+ Kh8 22. Nf3 Rc8 23. Ng5 d5 24. Ne6 Qb7 25. a4 Rac6 26. exd5 Rxc2+ 27. Kb1 Bd6 28. Nf1 Rf2 29. Ne3 Ne4 30. Nc4 Qa6 31. Nxd6 Qxd6 32. Ka1 Qd7 33. Rc1 Nd2 34. Rxc8+ Qxc8 35. Qg3 Qd7 36. b3 Qa7 37. Rc1 Rf1 38. Rxf1 Nxf1 39. Qg5 Qd7 40. f6 Kg8 41. Qxg7+ Qxg7 42. fxg7 1-0

[Event "Niedersachsen-ch op A"]
[Site "Verden"]
[Date "2019.01.05"]
[Round "5"]
[White "Hoppe, Andreas"]
[Black "Lick, Patrick"]
[Result "1-0"]
[WhiteElo "1958"]
[BlackElo "2162"]
[PlyCount "61"]
[EventDate "2019.01.03"]
[EventType "swiss"]
[EventRounds "7"]
[EventCountry "GER"]
[SourceTitle "EXT 2022"]
[Source "ChessBase"]
[SourceDate "2021.10.06"]
[SourceVersion "1"]
[SourceVersionDate "2021.10.06"]
[SourceQuality "1"]

1. d4 d5 2. Bf4 c5 3. e3 Nc6 4. c3 Nf6 5. Nf3 Qb6 6. b3 cxd4 7. exd4 g6 8. Be2 Bg7 9. 0-0 0-0 10. Nbd2 Rd8 11. h3 Bf5 12. Rc1 Rac8 13. g4 Be6 14. Ne5 Nxe5 15. dxe5 Nd7 16. Nf3 h5 17. gxh5 Bxh3 18. Re1 Bf5 19. h6 Bh8 20. h7+ Kxh7 21. Qxd5 Be6 22. Ng5+ Kg8 23. Nxe6 Qxe6 24. Qxe6 fxe6 25. Bg4 Kf7 26. Re3 Nc5 27. Rf3 Rd3 28. Be3+ Ke8 29. b4 Nd7 30. Bxe6 Nxe5 31. Rh3 1-0

[Event "Niedersachsen-ch op A"]
[Site "Verden"]
[Date "2019.01.05"]
[Round "6"]
[White "Lick, Patrick"]
[Black "Mildner, Ramon"]
[Result "1-0"]
[WhiteElo "2162"]
[BlackElo "1954"]
[PlyCount "61"]
[EventDate "2019.01.03"]
[EventType "swiss"]
[EventRounds "7"]
[EventCountry "GER"]
[SourceTitle "EXT 2022"]
[Source "ChessBase"]
[SourceDate "2021.10.06"]
[SourceVersion "1"]
[SourceVersionDate "2021.10.06"]
[SourceQuality "1"]

1. d4 e6 2. c4 Nf6 3. g3 d5 4. Bg2 c6 5. Nf3 Nbd7 6. 0-0 Be7 7. Qc2 0-0 8. Nc3 Re8 9. cxd5 exd5 10. a3 a5 11. Rb1 Bf8 12. b4 axb4 13. axb4 b5 14. Rd1 Bb7 15. Bf4 Nb6 16. Ne5 Nfd7 17. e4 f6 18. Nd3 dxe4 19. Bxe4 g6 20. Nc5 Qc8 21. Nxb7 Qxb7 22. d5 cxd5 23. Nxd5 Qc8 24. Nc7 Ra4 25. Nxe8 Qxe8 26. Bc6 Qf7 27. Bxb5 Rxb4 28. Rxb4 Bxb4 29. Rxd7 Qe6 30. Rd8+ Bf8 31. Bh6 1-0

[Event "Leipzig VfB op 22nd"]
[Site "Leipzig"]
[Date "2015.03.06"]
[Round "6"]
[White "Lick, Patrick"]
[Black "Bielmeier, Ludwig"]
[Result "1-0"]
[WhiteElo "2224"]
[BlackElo "2116"]
[PlyCount "45"]
[EventDate "2015.03.03"]
[EventType "swiss"]
[EventRounds "9"]
[EventCountry "GER"]
[SourceTitle "EXT 2016"]
[Source "ChessBase"]
[SourceDate "2015.10.08"]
[SourceVersion "1"]
[SourceVersionDate "2015.10.08"]
[SourceQuality "1"]

1. d4 Nf6 2. c4 c5 3. d5 b5 4. cxb5 a6 5. bxa6 g6 6. Nc3 Bxa6 7. e4 Bxf1 8. Kxf1 d6 9. Nf3 Bg7 10. g3 0-0 11. Kg2 Nbd7 12. a4 Ra6 13. Qc2 Qa8 14. Ra3 e6 15. dxe6 fxe6 16. Re1 d5 17. exd5 exd5 18. Nb5 Qb7 19. Ng5 h6 20. Ne6 Rxe6 21. Rxe6 Ne4 22. f3 Kf7 23. Rxe4 1-0

[Event "Leipzig VfB op 22nd"]
[Site "Leipzig"]
[Date "2015.03.04"]
[Round "3"]
[White "Kievelitz, Bernd"]
[Black "Lick, Patrick"]
[Result "0-1"]
[WhiteElo "1953"]
[BlackElo "2224"]
[PlyCount "56"]
[EventDate "2015.03.03"]
[EventType "swiss"]
[EventRounds "9"]
[EventCountry "GER"]
[SourceTitle "EXT 2016"]
[Source "ChessBase"]
[SourceDate "2015.10.08"]
[SourceVersion "1"]
[SourceVersionDate "2015.10.08"]
[SourceQuality "1"]

1. Nf3 Nf6 2. c4 e6 3. Nc3 Bb4 4. Qc2 0-0 5. a3 Bxc3 6. Qxc3 a5 7. b3 d6 8. Bb2 Nc6 9. d3 e5 10. g3 Be6 11. Bg2 Qd7 12. 0-0 Bh3 13. e3 Bxg2 14. Kxg2 Ne7 15. h3 Nh5 16. d4 e4 17. Ng1 d5 18. Ne2 Ra6 19. Nf4 Rh6 20. Rh1 Nxf4+ 21. exf4 Rg6 22. Bc1 Nf5 23. Kh2 dxc4 24. Be3 cxb3 25. Qxb3 Nxd4 26. Bxd4 Qxd4 27. Qe3 Qxe3 28. fxe3 Rd6 0-1

[Event "Oberliga Nord W 1415"]
[Site "Germany"]
[Date "2015.02.01"]
[Round "6.4"]
[White "Kyas, Philipp"]
[Black "Lick, Patrick"]
[Result "1/2-1/2"]
[WhiteElo "2045"]
[BlackElo "2200"]
[PlyCount "60"]
[EventDate "2014.09.22"]
[EventType "team-tourn"]
[EventRounds "9"]
[EventCountry "GER"]
[SourceTitle "EXT 2016"]
[Source "ChessBase"]
[SourceDate "2015.10.08"]
[SourceVersion "1"]
[SourceVersionDate "2015.10.08"]
[SourceQuality "1"]
[WhiteTeam "Goettingen Tempo"]
[BlackTeam "Hannover"]
[WhiteTeamCountry "GER"]
[BlackTeamCountry "GER"]

1. d4 Nf6 2. c4 e6 3. Nc3 Bb4 4. e3 0-0 5. Bd3 d5 6. Nge2 dxc4 7. Bxc4 e5 8. Bd2 Nc6 9. a3 Bd6 10. d5 Ne7 11. e4 Ng6 12. Ng3 Nf4 13. 0-0 Ng4 14. h3 Nh6 15. Be3 Qh4 16. Re1 f5 17. exf5 Nxf5 18. Bxf4 exf4 19. Nxf5 Bxf5 20. Qf3 g5 21. Nb5 g4 22. hxg4 Bxg4 23. Qc3 f3 24. g3 Qh6 25. Nxc7 Rac8 26. Nb5 Qh3 27. Bf1 Qh5 28. Bc4 Qh3 29. Bf1 Qh5 30. Bc4 Qh3 1/2-1/2

[Event "Oberliga Nord W 1415"]
[Site "Germany"]
[Date "2014.10.19"]
[Round "2.5"]
[White "Lick, Patrick"]
[Black "Raabe, Peter"]
[Result "1-0"]
[WhiteElo "2200"]
[BlackElo "2178"]
[PlyCount "47"]
[EventDate "2014.09.22"]
[EventType "team-tourn"]
[EventRounds "9"]
[EventCountry "GER"]
[SourceTitle "EXT 2016"]
[Source "ChessBase"]
[SourceDate "2015.10.08"]
[SourceVersion "1"]
[SourceVersionDate "2015.10.08"]
[SourceQuality "1"]
[WhiteTeam "Hannover"]
[BlackTeam "Lueneburg Turm"]
[WhiteTeamCountry "GER"]
[BlackTeamCountry "GER"]

1. d4 c5 2. d5 e5 3. e4 d6 4. Bb5+ Nd7 5. a4 a6 6. Bd3 Be7 7. Nf3 Nf8 8. Nfd2 Ng6 9. Nc4 b6 10. 0-0 Rb8 11. Nc3 h6 12. f4 exf4 13. Bxf4 Nxf4 14. Rxf4 Bf6 15. Qe2 Bxc3 16. bxc3 b5 17. axb5 axb5 18. e5 bxc4 19. exd6+ Kf8 20. Ra7 Rb7 21. Rxb7 Bxb7 22. Rxf7+ Kxf7 23. Qe6+ Kf8 24. Bg6 1-0

[Event "Oberliga Nord W 1415"]
[Site "Germany"]
[Date "2014.09.22"]
[Round "1.5"]
[White "Lick, Patrick"]
[Black "Janhoff, Axel"]
[Result "1-0"]
[WhiteElo "2200"]
[BlackElo "2014"]
[PlyCount "93"]
[EventDate "2014.09.22"]
[EventType "team-tourn"]
[EventRounds "9"]
[EventCountry "GER"]
[SourceTitle "EXT 2016"]
[Source "ChessBase"]
[SourceDate "2015.10.08"]
[SourceVersion "1"]
[SourceVersionDate "2015.10.08"]
[SourceQuality "1"]
[WhiteTeam "Hannover"]
[BlackTeam "Hildesheim"]
[WhiteTeamCountry "GER"]
[BlackTeamCountry "GER"]

1. d4 Nf6 2. c4 e5 3. dxe5 Ne4 4. Nf3 Bb4+ 5. Nbd2 Nc6 6. a3 Nxd2 7. Bxd2 Bxd2+ 8. Qxd2 Qe7 9. Qc3 b6 10. g3 Bb7 11. Bh3 0-0-0 12. 0-0-0 Rhe8 13. Rd5 f6 14. Rhd1 Nxe5 15. Nxe5 Bxd5 16. Nxd7 Bb7 17. Nxf6+ Kb8 18. Nxe8 Rxe8 19. Bf1 a5 20. f3 Qf7 21. e4 g5 22. Bh3 Rf8 23. Bf5 Ba6 24. b3 Qe7 25. Kb2 Bc8 26. Rd5 Bxf5 27. Rxf5 Rxf5 28. exf5 Qe2+ 29. Kc1 Qf1+ 30. Kc2 Qe2+ 31. Qd2 Qe7 32. b4 a4 33. Qd3 Qf6 34. g4 Qa1 35. Qc3 Qa2+ 36. Kd3 Qf2 37. Ke4 Qxh2 38. Qe3 h6 39. c5 Qc2+ 40. Qd3 Qh2 41. Kd5 Qb2 42. cxb6 Qb3+ 43. Ke4 cxb6 44. Qxb3 axb3 45. Kd3 Kc7 46. a4 Kd6 47. a5 1-0

[Event "Dresden ZMD op-A 21st"]
[Site "Dresden"]
[Date "2012.08.26"]
[Round "9"]
[White "Sbarra, Marco"]
[Black "Lick, Patrick"]
[Result "1/2-1/2"]
[WhiteElo "2115"]
[BlackElo "2147"]
[PlyCount "136"]
[EventDate "2012.08.18"]
[EventType "swiss"]
[EventRounds "9"]
[EventCountry "GER"]
[SourceTitle "CBM 150 Extra"]
[Source "ChessBase"]
[SourceDate "2012.10.19"]
[SourceVersion "1"]
[SourceVersionDate "2012.10.19"]
[SourceQuality "1"]

1. d4 Nf6 2. c4 g6 3. Nc3 d5 4. Bf4 Bg7 5. e3 0-0 6. Rc1 c6 7. Nf3 Nbd7 8. cxd5 Nxd5 9. Nxd5 cxd5 10. Bc7 Qe8 11. Qb3 Nf6 12. Ne5 a6 13. Be2 b5 14. 0-0 Bb7 15. a4 Ne4 16. Qb4 Bxe5 17. Bxe5 Bc6 18. axb5 axb5 19. Rc2 f6 20. Bf4 g5 21. Bg3 Qd7 22. Rfc1 Ra4 23. Qb3 Ra6 24. f3 Nxg3 25. hxg3 Rb8 26. Rc5 Kg7 27. Qc2 Rbb6 28. g4 Qe6 29. Kf2 Be8 30. Qb3 Ra5 31. Bd3 Bg6 32. Bxg6 hxg6 33. Qxd5 Ra2 34. R1c2 Qxd5 35. Rxd5 b4 36. Rdc5 b3 37. Rd2 Kf7 38. Ke2 Ke6 39. Kd3 Rb8 40. Kc3 Ra1 41. Kd3 Kd6 42. Rc3 Rb7 43. e4 Rb8 44. Ke3 Re1+ 45. Kf2 Rb1 46. d5 Kd7 47. Ke3 Rb4 48. Kd3 Re1 49. Rc4 Rb7 50. Ra4 Rc1 51. Ra3 Kd6 52. Ra6+ Kd7 53. Ke3 Re1+ 54. Re2 Rg1 55. Ra3 Kd6 56. Kf2 Rc1 57. g3 Rb4 58. Ra6+ Kd7 59. Ra7+ Kd6 60. Ke3 Rg1 61. Rh2 Re1+ 62. Kd2 Rf1 63. Rh7 Rxf3 64. Rhxe7 Rd4+ 65. Ke2 Rdd3 66. Re6+ Kc5 67. Rc6+ Kb5 68. Rb7+ Ka5 1/2-1/2

[Event "Dresden ZMD op-A 21st"]
[Site "Dresden"]
[Date "2012.08.22"]
[Round "5"]
[White "Pfeffer, Ruprecht"]
[Black "Lick, Patrick"]
[Result "1-0"]
[WhiteElo "2206"]
[BlackElo "2147"]
[PlyCount "65"]
[EventDate "2012.08.18"]
[EventType "swiss"]
[EventRounds "9"]
[EventCountry "GER"]
[SourceTitle "CBM 150 Extra"]
[Source "ChessBase"]
[SourceDate "2012.10.19"]
[SourceVersion "1"]
[SourceVersionDate "2012.10.19"]
[SourceQuality "1"]

1. e4 c5 2. Nf3 d6 3. d4 cxd4 4. Nxd4 Nf6 5. Nc3 a6 6. Be3 e5 7. Nb3 Be6 8. f3 Nbd7 9. Qd2 h5 10. a4 Rc8 11. Be2 Be7 12. 0-0 0-0 13. Kh1 Nb6 14. Rad1 Bc4 15. a5 Nbd7 16. Bxc4 Rxc4 17. Rf2 Qc7 18. Rc1 Nc5 19. Nxc5 dxc5 20. Nd5 Nxd5 21. exd5 Ra4 22. f4 Bf6 23. d6 Qxa5 24. fxe5 Qxd2 25. Rxd2 Bxe5 26. Rd5 Bxb2 27. Rb1 Bd4 28. d7 Rd8 29. Bf4 Bf6 30. Bc7 Rd4 31. Rxd4 cxd4 32. Bxd8 Bxd8 33. Re1 1-0

[Event "Dresden ZMD op-A 21st"]
[Site "Dresden"]
[Date "2012.08.21"]
[Round "4"]
[White "Lick, Patrick"]
[Black "Richter, Maik"]
[Result "1/2-1/2"]
[WhiteElo "2147"]
[BlackElo "2190"]
[PlyCount "57"]
[EventDate "2012.08.18"]
[EventType "swiss"]
[EventRounds "9"]
[EventCountry "GER"]
[SourceTitle "CBM 150 Extra"]
[Source "ChessBase"]
[SourceDate "2012.10.19"]
[SourceVersion "1"]
[SourceVersionDate "2012.10.19"]
[SourceQuality "1"]

1. d4 Nf6 2. g3 g6 3. Bg2 Bg7 4. c4 d6 5. Nc3 0-0 6. Nf3 Nc6 7. 0-0 Na5 8. b3 c5 9. Bb2 Bd7 10. Qc2 cxd4 11. Nxd4 Nc6 12. Rfd1 Rc8 13. Nxc6 Bxc6 14. e4 Nd7 15. Qe2 a6 16. Rab1 Re8 17. Bh3 Rb8 18. Nd5 Ne5 19. f4 Bd7 20. Bxd7 Nxd7 21. Bxg7 Kxg7 22. Qe3 Qc8 23. Kg2 Kg8 24. Rbc1 Qc6 25. h4 h5 26. Qd4 Rbd8 27. Rf1 e6 28. Nb4 Qc5 29. Qxc5 1/2-1/2

[Event "Niedersachsen-ch"]
[Site "Verden"]
[Date "2012.01.04"]
[Round "6"]
[White "Lick, Patrick"]
[Black "Schulz, Jens"]
[Result "1/2-1/2"]
[WhiteElo "2207"]
[BlackElo "2215"]
[PlyCount "72"]
[EventDate "2012.01.02"]
[EventType "swiss"]
[EventRounds "7"]
[EventCountry "GER"]
[SourceTitle "EXT 2021"]
[Source "ChessBase"]
[SourceDate "2020.10.23"]
[SourceVersion "1"]
[SourceVersionDate "2020.10.23"]
[SourceQuality "1"]

1. d4 d5 2. c4 c6 3. Nf3 Nf6 4. e3 Bg4 5. Nc3 e6 6. Qb3 Qb6 7. Ne5 Bf5 8. c5 Qc7 9. Bd3 Nbd7 10. Bxf5 exf5 11. f4 g6 12. Bd2 Bg7 13. Qc2 0-0 14. b4 Nh5 15. Nf3 Nhf6 16. h3 Rfe8 17. Kf2 Ne4+ 18. Nxe4 Rxe4 19. g4 fxg4 20. hxg4 Nf6 21. Rh4 h5 22. gxh5 Nxh5 23. Rg1 Rae8 24. Ne5 Bxe5 25. dxe5 R8xe5 26. Qd1 Kf8 27. Rgh1 Rf5 28. Rxh5 Rxh5 29. Rxh5 gxh5 30. Qxh5 Ke8 31. Bc3 Qe7 32. Be5 Kd7 33. a3 Qe6 34. Qh8 Qe8 35. Qh3+ Qe6 36. Qh8 Qe8 1/2-1/2

[Event "Niedersachsen-ch"]
[Site "Verden"]
[Date "2012.01.04"]
[Round "5"]
[White "Renner, Kai"]
[Black "Lick, Patrick"]
[Result "1/2-1/2"]
[WhiteElo "2187"]
[BlackElo "2207"]
[PlyCount "46"]
[EventDate "2012.01.02"]
[EventType "swiss"]
[EventRounds "7"]
[EventCountry "GER"]
[SourceTitle "EXT 2021"]
[Source "ChessBase"]
[SourceDate "2020.10.23"]
[SourceVersion "1"]
[SourceVersionDate "2020.10.23"]
[SourceQuality "1"]

1. e4 c5 2. Nf3 d6 3. d4 cxd4 4. Nxd4 Nf6 5. Nc3 a6 6. Be2 e6 7. 0-0 Be7 8. Be3 0-0 9. f4 Qc7 10. a4 Nc6 11. Kh1 Bd7 12. Qe1 Nxd4 13. Bxd4 Bc6 14. Qg3 Ne8 15. a5 Bf6 16. e5 Be7 17. Bd3 g6 18. Ne4 Bxe4 19. Bxe4 d5 20. Bd3 Ng7 21. Qe3 Rac8 22. c3 Bc5 23. g4 Bxd4 1/2-1/2

[Event "Niedersachsen-ch"]
[Site "Verden"]
[Date "2012.01.03"]
[Round "3"]
[White "Grigorian, Spartak"]
[Black "Lick, Patrick"]
[Result "1-0"]
[WhiteElo "2047"]
[BlackElo "2207"]
[PlyCount "61"]
[EventDate "2012.01.02"]
[EventType "swiss"]
[EventRounds "7"]
[EventCountry "GER"]
[SourceTitle "EXT 2021"]
[Source "ChessBase"]
[SourceDate "2020.10.23"]
[SourceVersion "1"]
[SourceVersionDate "2020.10.23"]
[SourceQuality "1"]

1. d4 Nf6 2. c4 b6 3. Nc3 Bb7 4. f3 e6 5. e4 d5 6. cxd5 exd5 7. e5 Nfd7 8. f4 Be7 9. Nf3 c5 10. Be3 cxd4 11. Nxd4 Nc5 12. Qg4 Kf8 13. Be2 h5 14. Qh3 Ne4 15. Nxe4 dxe4 16. 0-0 Nc6 17. Rfd1 Nxd4 18. Rxd4 Qe8 19. Rad1 Bc8 20. f5 g6 21. g4 Kg8 22. Qg2 hxg4 23. Bxg4 Bb7 24. fxg6 f5 25. exf6 Bxf6 26. Rd6 Qe5 27. Be6+ Kf8 28. Bd4 Rxh2 29. Qxh2 Qg5+ 30. Qg2 Bxd4+ 31. R6xd4 1-0

[Event "Braunschweig Oker Cup"]
[Site "Braunschweig"]
[Date "2011.12.04"]
[Round "4"]
[White "Lubbe, Nikolas"]
[Black "Lick, Patrick"]
[Result "1-0"]
[WhiteElo "2408"]
[BlackElo "2200"]
[PlyCount "81"]
[EventDate "2011.12.02"]
[EventType "swiss"]
[EventRounds "5"]
[EventCountry "GER"]
[SourceTitle "EXT 2013"]
[Source "ChessBase"]
[SourceDate "2012.11.22"]
[SourceVersion "1"]
[SourceVersionDate "2012.11.22"]
[SourceQuality "1"]

1. d4 Nf6 2. Nc3 d5 3. Bf4 g6 4. Qd2 Bg7 5. 0-0-0 Bf5 6. Bh6 Bxh6 7. Qxh6 Ne4 8. Nxe4 dxe4 9. Qg7 Rf8 10. e3 Qd5 11. Kb1 Nd7 12. Qh6 0-0-0 13. h3 Be6 14. b3 Qa5 15. Ne2 b5 16. f3 exf3 17. gxf3 Nb6 18. e4 f5 19. Qe3 Qa3 20. d5 fxe4 21. fxe4 Nc4 22. Qc3 Rf3 23. Rd3 Rdf8 24. Rxf3 Rxf3 25. Qh8+ Kb7 26. bxc4 Rf6 27. c3 b4 28. Qe8 Bd7 29. Qxe7 Rd6 30. Qe5 b3 31. axb3 Qxb3+ 32. Kc1 Ba4 33. Kd2 Qd1+ 34. Ke3 Bc2 35. Qd4 Qb1 36. Bg2 Qa2 37. c5 Rd8 38. e5 Bb3 39. d6+ c6 40. Qb4+ Ka6 41. Bxc6 1-0

[Event "Hannover-chC"]
[Site "Lehrte"]
[Date "2011.10.17"]
[Round "6"]
[White "Hampel, Felix"]
[Black "Lick, Patrick"]
[Result "0-1"]
[WhiteElo "2153"]
[BlackElo "2108"]
[PlyCount "66"]
[EventDate "2011.10.15"]
[EventType "swiss"]
[EventRounds "7"]
[EventCountry "GER"]
[SourceTitle "EXT 2021"]
[Source "ChessBase"]
[SourceDate "2020.10.23"]
[SourceVersion "1"]
[SourceVersionDate "2020.10.23"]
[SourceQuality "1"]

1. d4 Nf6 2. c4 e6 3. Nf3 b6 4. g3 Bb7 5. Bg2 Be7 6. 0-0 0-0 7. Nc3 Ne4 8. Bd2 f5 9. Rc1 d6 10. Be1 Nd7 11. d5 Nxc3 12. Bxc3 e5 13. e3 a5 14. b3 Nc5 15. a3 g5 16. Nd2 e4 17. f3 exf3 18. Nxf3 a4 19. b4 Nb3 20. Rc2 Bf6 21. Nd4 Nxd4 22. Bxd4 Bxd4 23. Qxd4 Qf6 24. Qxf6 Rxf6 25. Rcf2 Raf8 26. Bh3 b5 27. Bxf5 bxc4 28. e4 Kg7 29. Bd7 c3 30. Rxf6 Rxf6 31. Bxa4 Rxf1+ 32. Kxf1 Ba6+ 33. b5 Bxb5+ 0-1